Amor-odios entre subcultura juvenil y exclusión: el caso de los góticos /
Este texto constituye un primer esbozo de análisis del material recopilado en el marco de la investigación: La muerte puesta en escena. Jóvenes góticos construyendo su subjetividad. Este estudio se encuentra en la fase de recolección de datos, no obstante la presencia y recurrencia de ciertos factor...
Збережено в:
| Автор: | |
|---|---|
| Формат: | Текст |
| Предмети: | |
| Теги: |
Додати тег
Немає тегів, Будьте першим, хто поставить тег для цього запису!
|
MARC
| LEADER | 00000 a a2200000 04500 | ||
|---|---|---|---|
| 001 | 8920 | ||
| 003 | |||
| 040 | |||
| 100 | |a Díaz Madrigal, María | ||
| 245 | |a Amor-odios entre subcultura juvenil y exclusión: |b el caso de los góticos / |c María Díaz Madrigal | ||
| 520 | |a Este texto constituye un primer esbozo de análisis del material recopilado en el marco de la investigación: La muerte puesta en escena. Jóvenes góticos construyendo su subjetividad. Este estudio se encuentra en la fase de recolección de datos, no obstante la presencia y recurrencia de ciertos factores posibilita la pregunta por su entrelazamiento. Es así como se plantea articular algunos elementos que ya por sí mismos constituirían (o constituirán, eventualmente) un tema: subcultura, cuerpo-máscara, utopía, exclusión. Este es un texto de las dinámicas de tensión entre la subcultura juvenil y la cultura base que la produce y la alberga | ||
| 650 | |a CULTURA | ||
| 650 | |a SUBCULTURA | ||
| 650 | |a JUVENTUD | ||
| 650 | |a ASPECTOS POLITICOS | ||
| 650 | |a ARTE | ||
| 650 | |a VESTUARIO | ||
| 650 | |a COSTA RICA | ||
| 773 | |g volumen 5, número 3; página 10 | ||
| 999 | |c 33526 |d 33526 | ||
